[Event "21st European Teams"]
[Site "Hersonissos GRE"]
[Date "2017.11.01"]
[Round "5.12"]
[Board "1"]
[White "Lenic, Luka"]
[Black "Steingrimsson, Hedinn"]
[Result "1/2-1/2"]
[WhiteTitle "GM"]
[BlackTitle "GM"]
[WhiteElo "2650"]
[BlackElo "2576"]
[WhiteTeam "Slovenia"]
[BlackTeam "Iceland"]
[WhiteFideId "14603853"]
[BlackFideId "2300117"]
[EventDate "2017.10.28"]

1. d4 Nf6 2. c4 e6 3. Nf3 d5 4. Nc3 Bb4 5. Bg5 h6 6. Bxf6 Qxf6 7. Qb3 c5 8. cxd5
exd5 9. a3 Bxc3+ 10. Qxc3 Nd7 11. e3 O-O 12. Be2 b6 13. O-O Bb7 14. b3 Rfc8 15.
Rfc1 a5 16. a4 Qe7 17. Qb2 Rc7 18. Rc2 Rac8 19. Rac1 Nf6 20. Qc3 Ne4 21. Qe1
cxd4 22. Rxc7 Rxc7 23. Rxc7 Qxc7 24. Nxd4 Bc8 25. Bf3 Qc5 26. h3 Bd7 27. Qb1 Nf6
28. Qd1 b5 29. axb5 Bxb5 30. Qb1 Bd7 31. Qa1 Ne4 32. Qd1 Nc3 33. Qd3 a4 34. bxa4
Bxa4 35. Qf5 Bd1 36. Qe5 g6 37. Qb8+ Kg7 38. Qb7 Kg8 39. Qa8+ Kh7 40. Qb7 Kg8
41. Qb8+ Kg7 42. Qe5+ Kg8 43. Qe8+ Kg7 44. Qd7 Kg8 45. Nc6 Bxf3 46. Ne5 Be4 47.
Qxf7+ Kh8 48. Qe8+ Kg7 49. Qf7+ Kh8 50. Nd7 Ne2+ 51. Kh2 Qc7+ 52. f4 g5 53. Qf8+
Kh7 54. Qe7+ Kh8 55. Qe8+ Kg7 56. Qf8+ Kh7 57. Qf7+ Kh8 58. Qf6+ Kg8 59. Qe6+
Kg7 60. Qe7+ Kh8 61. Qe8+ Kg7 62. Qf8+ Kh7 63. Qe7+ 1/2-1/2

[Event "21st European Teams"]
[Site "Hersonissos GRE"]
[Date "2017.11.01"]
[Round "5.12"]
[Board "2"]
[White "Gretarsson, Hjorvar Steinn"]
[Black "Beliavsky, Alexander G"]
[Result "1-0"]
[WhiteTitle "GM"]
[BlackTitle "GM"]
[WhiteElo "2567"]
[BlackElo "2547"]
[WhiteTeam "Iceland"]
[BlackTeam "Slovenia"]
[WhiteFideId "2302241"]
[BlackFideId "14602377"]
[EventDate "2017.10.28"]

1. d4 Nf6 2. c4 e6 3. Nc3 Bb4 4. Qc2 O-O 5. Nf3 b6 6. e4 Bb7 7. Bd3 d5 8. cxd5
exd5 9. e5 Ne4 10. O-O Bxc3 11. bxc3 f5 12. exf6 Qxf6 13. Ne5 Qh4 14. g3 Qh5 15.
Be2 Qe8 16. f3 Nd6 17. Bd3 Qh5 18. Bf4 Nc6 19. Rae1 Rae8 20. g4 Qh3 21. Bg3 Nxe5
22. dxe5 Nc4 23. Rf2 Qh6 24. f4 Qh3 25. Qd1 Qh6 26. Bf1 c6 27. h4 g6 28. Bxc4
dxc4 29. f5 Qg7 30. Kh2 Rd8 31. Qa4 b5 32. Qxa7 Rd3 33. f6 Qc7 34. Qc5 Bc8 35.
Re3 Be6 36. Rxd3 cxd3 37. Qd4 Qf7 38. Qxd3 Bxg4 39. Qe4 Qd7 40. Qf4 Be6 41. Rd2
Bd5 42. h5 Ra8 43. a3 Qf7 44. Qg5 Re8 45. Bf4 Be4 46. hxg6 Bxg6 47. Qh6 Kh8 48.
Qh3 Qc4 49. Qg4 Qe4 50. Re2 h5 51. Rxe4 hxg4 52. Rd4 Bf7 53. Kg3 Kh7 54. Rd6 Re6
55. Rd7 Kg6 56. Rc7 Re8 57. Kxg4 Rc8 58. Rxf7 Kxf7 59. Kf5 Re8 60. Be3 Re6 61.
Bc5 Re8 62. Be7 1-0

[Event "21st European Teams"]
[Site "Hersonissos GRE"]
[Date "2017.11.01"]
[Round "5.12"]
[Board "3"]
[White "Pavasovic, Dusko"]
[Black "Stefansson, Hannes"]
[Result "1-0"]
[WhiteTitle "GM"]
[BlackTitle "GM"]
[WhiteElo "2548"]
[BlackElo "2508"]
[WhiteTeam "Slovenia"]
[BlackTeam "Iceland"]
[WhiteFideId "14600986"]
[BlackFideId "2300087"]
[EventDate "2017.10.28"]

1. e4 e5 2. Nf3 Nc6 3. Bc4 Nf6 4. d3 Be7 5. O-O O-O 6. Re1 d6 7. a3 Bg4 8. Nbd2
Nd4 9. h3 Nxf3+ 10. Nxf3 Bh5 11. c3 c6 12. g4 Bg6 13. Ba2 Kh8 14. Nh4 Ne8 15.
Nf5 Bg5 16. Qf3 Bxc1 17. Raxc1 Nc7 18. Ne3 Ne6 19. Ng2 Qe7 20. Qg3 f6 21. Bxe6
Qxe6 22. f4 exf4 23. Nxf4 Qb3 24. Re2 Rad8 25. Rce1 Qf7 26. Rf2 h6 27. h4 Bh7
28. g5 fxg5 29. hxg5 Qe7 30. Ref1 d5 31. exd5 Rf5 32. Ne6 Rdxd5 33. Rxf5 1-0

[Event "21st European Teams"]
[Site "Hersonissos GRE"]
[Date "2017.11.01"]
[Round "5.12"]
[Board "4"]
[White "Kjartansson, Gudmundur"]
[Black "Sebenik, Matej"]
[Result "0-1"]
[WhiteTitle "IM"]
[BlackTitle "GM"]
[WhiteElo "2456"]
[BlackElo "2534"]
[WhiteTeam "Iceland"]
[BlackTeam "Slovenia"]
[WhiteFideId "2301318"]
[BlackFideId "14602296"]
[EventDate "2017.10.28"]

1. d4 Nf6 2. Nf3 d5 3. c4 e6 4. Nc3 Bb4 5. Qa4+ Nc6 6. e3 O-O 7. Qc2 dxc4 8.
Bxc4 Bd6 9. Bd2 e5 10. dxe5 Nxe5 11. Be2 Qe7 12. Nd4 c5 13. Nf5 Bxf5 14. Qxf5
Ng6 15. g3 a6 16. f4 b5 17. a4 b4 18. Nd5 Nxd5 19. Qxd5 Rad8 20. Qc4 a5 21. Bf3
Bxf4 22. gxf4 Qh4+ 23. Ke2 Ne5 24. Be1 Rd2+ 25. Kxd2 Nxc4+ 26. Kd3 Nxb2+ 27. Ke2
Qd8 28. Be4 Re8 29. Kf3 Rxe4 0-1

[Event "21st European Teams"]
[Site "Hersonissos GRE"]
[Date "2017.11.01"]
[Round "5.13"]
[Board "1"]
[White "Tari, Aryan"]
[Black "Nyback, Tomi"]
[Result "0-1"]
[WhiteTitle "GM"]
[BlackTitle "GM"]
[WhiteElo "2578"]
[BlackElo "2572"]
[WhiteTeam "Norway"]
[BlackTeam "Finland"]
[WhiteFideId "1510045"]
[BlackFideId "503142"]
[EventDate "2017.10.28"]

1. e4 e5 2. Nf3 Nc6 3. Bb5 a6 4. Ba4 Nf6 5. O-O Be7 6. Re1 b5 7. Bb3 d6 8. c3
O-O 9. h3 Bb7 10. d4 Re8 11. Nbd2 Bf8 12. a3 g6 13. Ba2 Bg7 14. b4 exd4 15. cxd4
a5 16. Ng5 d5 17. e5 Nxd4 18. Bb2 Nd7 19. Nxf7 Kxf7 20. Bxd4 Nxe5 21. Qe2 c6 22.
Ne4 Bc8 23. Qd2 Bf5 24. Nc5 Nc4 25. Bxc4 Rxe1+ 26. Rxe1 dxc4 27. g4 Bxd4 28.
gxf5 Bxc5 29. Qh6 Bxf2+ 30. Kxf2 Kg8 31. Re6 Qd4+ 32. Kg2 Rd8 33. fxg6 Qb2+ 34.
Kf3 Rf8+ 35. Kg4 Qg2+ 36. Kh4 Qf2+ 37. Kg4 Qf3+ 0-1

[Event "21st European Teams"]
[Site "Hersonissos GRE"]
[Date "2017.11.01"]
[Round "5.13"]
[Board "2"]
[White "Karttunen, Mika"]
[Black "Salomon, Johan"]
[Result "1/2-1/2"]
[WhiteTitle "IM"]
[BlackTitle "GM"]
[WhiteElo "2465"]
[BlackElo "2477"]
[WhiteTeam "Finland"]
[BlackTeam "Norway"]
[WhiteFideId "502081"]
[BlackFideId "1509500"]
[EventDate "2017.10.28"]

1. e4 c5 2. Nf3 d6 3. d4 cxd4 4. Nxd4 Nf6 5. Nc3 a6 6. Be2 e5 7. Nf3 Be7 8. Bg5
Be6 9. Bxf6 Bxf6 10. Nd5 Nd7 11. O-O Be7 12. a4 Nf6 13. Nxf6+ Bxf6 14. c4 O-O
15. Qd3 Rc8 16. b3 a5 17. Ne1 Qd7 18. Nc2 Bd8 19. Rad1 Rc6 20. Bf3 Bb6 21. Na3
Bc5 22. Nb5 g6 23. Kh1 Ra6 24. Qe2 Kg7 25. Rd2 h5 26. Qd3 Qe7 27. Qe2 Rh8 28.
Rd3 Rc6 29. Rfd1 f6 30. Qd2 Bb4 31. Qe2 Bc5 32. Qd2 Bb4 33. Qe2 Bc5 34. Qd2 Bb4
35. Qe2 1/2-1/2

[Event "21st European Teams"]
[Site "Hersonissos GRE"]
[Date "2017.11.01"]
[Round "5.13"]
[Board "3"]
[White "Christiansen, Johan-Sebastian"]
[Black "Sipila, Vilka"]
[Result "1-0"]
[WhiteTitle "IM"]
[BlackTitle "IM"]
[WhiteElo "2462"]
[BlackElo "2363"]
[WhiteTeam "Norway"]
[BlackTeam "Finland"]
[WhiteFideId "1512668"]
[BlackFideId "505455"]
[EventDate "2017.10.28"]

1. Nf3 d5 2. c4 e6 3. g3 Nf6 4. Bg2 dxc4 5. Qa4+ Bd7 6. Qxc4 c5 7. Ne5 Qc8 8.
Nxd7 Qxd7 9. d3 Nc6 10. Nd2 Nd4 11. Nf3 b5 12. Qc3 Nd5 13. Qd2 Be7 14. O-O O-O
15. Rd1 a5 16. e3 Nxf3+ 17. Bxf3 a4 18. a3 Rab8 19. Qe2 b4 20. axb4 Rxb4 21. Qc2
Rfb8 22. Ra3 g6 23. Bd2 Rb3 24. Qc4 Rxa3 25. bxa3 Rb3 26. Be2 Rxa3 27. Rb1 Nb4
28. Bc1 Ra2 29. Rxb4 Rxe2 30. Rb8+ Kg7 31. Kf1 Qd6 32. Rb1 Ra2 33. Qxa2 Qxd3+
34. Kg1 Kf6 35. Ra1 Qd1+ 36. Kg2 Kf5 37. Qxa4 Bf6 38. Qf4# 1-0

[Event "21st European Teams"]
[Site "Hersonissos GRE"]
[Date "2017.11.01"]
[Round "5.13"]
[Board "4"]
[White "Niemi, Kalle"]
[Black "Notkevich, Benjamin Arvola"]
[Result "1-0"]
[WhiteTitle "FM"]
[BlackTitle "IM"]
[WhiteElo "2324"]
[BlackElo "2458"]
[WhiteTeam "Finland"]
[BlackTeam "Norway"]
[WhiteFideId "504378"]
[BlackFideId "1506536"]
[EventDate "2017.10.28"]

1. e4 e5 2. Nf3 Nc6 3. Bc4 Bc5 4. c3 Nf6 5. d3 a6 6. Bb3 d6 7. O-O Ba7 8. h3 Ne7
9. Re1 Ng6 10. Nbd2 O-O 11. Nf1 Be6 12. d4 Bxb3 13. Qxb3 Qc8 14. Ng3 h6 15. Be3
Re8 16. a4 a5 17. Rad1 exd4 18. Bxd4 Ne5 19. Nxe5 dxe5 20. Bxa7 Rxa7 21. Rd2 Ra6
22. Red1 g6 23. Qb5 h5 24. f3 Qa8 25. Kh2 Qa7 26. Nf1 Rae6 27. Re2 h4 28. Ne3
Kg7 29. Nc4 b6 30. Red2 Qb8 31. Qb3 Rh8 32. Ne3 Ree8 33. Nd5 Nh5 34. Qc4 Qd8 35.
Nxc7 Qg5 36. Nxe8+ Rxe8 37. Qe2 Rc8 38. Qf2 Rc4 39. Qxb6 Rxa4 40. Qf2 Qf4+ 41.
Kg1 Qg5 42. Rc2 Nf4 43. Kh1 Ra2 44. c4 a4 45. Rc3 Qf6 46. Qc2 Qg5 47. c5 Nh5 48.
c6 Ng3+ 49. Kg1 a3 50. c7 Rxb2 51. Qxb2 axb2 52. c8=Q Ne2+ 53. Kf1 Nf4 54. Rc2
Qg3 55. Rxb2 Nxg2 56. Rxg2 Qxf3+ 57. Rf2 Qxd1+ 58. Kg2 Qd3 59. Qg4 Qd8 60. Kh2
Qe7 61. Rg2 Kh6 62. Qf3 Kg7 63. Qe3 Qb4 64. Rf2 Qe7 65. Qd2 Qb7 66. Qg5 Qxe4 67.
Qf6+ Kh6 68. Qxf7 Qe3 69. Qf8+ Kh5 70. Qf3+ 1-0

[Event "21st European Teams"]
[Site "Hersonissos GRE"]
[Date "2017.11.01"]
[Round "5.14"]
[Board "1"]
[White "Ftacnik, Lubomir"]
[Black "Pancevski, Filip"]
[Result "0-1"]
[WhiteTitle "GM"]
[BlackTitle "IM"]
[WhiteElo "2546"]
[BlackElo "2489"]
[WhiteTeam "Slovakia"]
[BlackTeam "FYROM"]
[WhiteFideId "14900017"]
[BlackFideId "15002187"]
[EventDate "2017.10.28"]

1. d4 Nf6 2. c4 g6 3. Nc3 Bg7 4. e4 d6 5. Nf3 O-O 6. Be2 e5 7. O-O Nbd7 8. Qc2
c6 9. Rd1 Qe7 10. d5 c5 11. Bg5 Kh8 12. a3 Rg8 13. b4 Qf8 14. Rab1 Ne8 15. Bd3
Nc7 16. Bd2 Bh6 17. Bxh6 Qxh6 18. Ne2 Qf8 19. Ng3 Qe7 20. Qc3 Na6 21. Bc2 Nb6
22. Ne1 Bg4 23. f3 Bd7 24. Nd3 cxb4 25. axb4 Rac8 26. c5 f6 27. Bb3 Rge8 28. Qa1
dxc5 29. d6 Qd8 30. bxc5 Nxc5 31. Nxc5 Rxc5 32. Qxa7 Rb5 33. Kh1 Qa8 34. Qxa8
Rxa8 35. Nf1 Ra3 36. Bc2 Rc3 37. Rxb5 Bxb5 38. Bb1 Ba4 39. Re1 Nc4 40. Kg1 Nxd6
41. Ne3 Bb3 42. Kf2 Nb5 43. Ke2 Nd4+ 44. Kd2 Rc5 45. Rc1 Rxc1 46. Kxc1 Kg7 47.
Kd2 h5 48. Kc3 h4 49. f4 Be6 50. Bd3 Bd7 51. fxe5 fxe5 52. Kb4 Ne6 53. Ng4 Nf4
54. Nxe5 Nxd3+ 55. Nxd3 Bc6 56. Nf2 Kf6 57. Kc4 Ke5 58. Kd3 Bb5+ 59. Ke3 Bf1 60.
g3 g5 61. Ng4+ Ke6 62. gxh4 gxh4 63. Kd4 Be2 64. Ne3 Kf6 65. e5+ Kg5 66. e6 Kf6 0-1

[Event "21st European Teams"]
[Site "Hersonissos GRE"]
[Date "2017.11.01"]
[Round "5.14"]
[Board "2"]
[White "Nedev, Trajko"]
[Black "Markos, Jan"]
[Result "1/2-1/2"]
[WhiteTitle "GM"]
[BlackTitle "GM"]
[WhiteElo "2479"]
[BlackElo "2559"]
[WhiteTeam "FYROM"]
[BlackTeam "Slovakia"]
[WhiteFideId "15000605"]
[BlackFideId "14903474"]
[EventDate "2017.10.28"]

1. e4 c5 2. Nf3 Nc6 3. Bb5 g6 4. Bxc6 bxc6 5. O-O Bg7 6. Re1 Nh6 7. c3 O-O 8. h3
f5 9. e5 Nf7 10. d3 d6 11. Bf4 Qc7 12. exd6 exd6 13. Nbd2 h6 14. h4 Qd8 15. Nc4
Qf6 16. Qd2 Ba6 17. Na5 Rae8 18. Re3 Qd8 19. Nb3 Rxe3 20. Bxe3 Bc8 21. c4 f4 22.
Bxf4 Bg4 23. Nh2 Qxh4 24. Bg3 Qh5 25. Nxg4 Qxg4 26. Re1 Be5 27. Re4 Qf5 28. Qe3
Ng5 29. Rxe5 dxe5 30. Nxc5 Qg4 31. Qxe5 Qd1+ 32. Kh2 Qh5+ 33. Kg1 Qd1+ 1/2-1/2

[Event "21st European Teams"]
[Site "Hersonissos GRE"]
[Date "2017.11.01"]
[Round "5.14"]
[Board "3"]
[White "Jurcik, Marian"]
[Black "Stojanovski, Dejan"]
[Result "1/2-1/2"]
[WhiteTitle "GM"]
[BlackTitle "IM"]
[WhiteElo "2479"]
[BlackElo "2454"]
[WhiteTeam "Slovakia"]
[BlackTeam "FYROM"]
[WhiteFideId "14907518"]
[BlackFideId "15000796"]
[EventDate "2017.10.28"]

1. e4 c5 2. Nf3 Nc6 3. d4 cxd4 4. Nxd4 g6 5. Nc3 Bg7 6. Be3 Nf6 7. Bc4 Qa5 8.
O-O O-O 9. Bb3 d6 10. h3 Bd7 11. Re1 Rac8 12. Nf3 Qh5 13. Qe2 h6 14. Nd5 g5 15.
Nxf6+ Bxf6 16. c3 a6 17. Rad1 Ne5 18. Nxe5 Qxe2 19. Rxe2 Bxe5 20. h4 Bb5 21.
Ree1 Bf6 22. hxg5 hxg5 23. Bd5 Bc6 24. Bd4 Bxd4 25. Rxd4 Kg7 26. Re3 e5 27. Rd2
Kf6 28. Rh3 Ke7 29. f3 Rh8 30. Rxh8 Rxh8 1/2-1/2

[Event "21st European Teams"]
[Site "Hersonissos GRE"]
[Date "2017.11.01"]
[Round "5.14"]
[Board "4"]
[White "Nikolovski, Nikola"]
[Black "Mazur, Stefan"]
[Result "1/2-1/2"]
[WhiteTitle "FM"]
[BlackTitle "IM"]
[WhiteElo "2420"]
[BlackElo "2460"]
[WhiteTeam "FYROM"]
[BlackTeam "Slovakia"]
[WhiteFideId "15002314"]
[BlackFideId "14909332"]
[EventDate "2017.10.28"]

1. e4 e5 2. Nf3 Nc6 3. d4 exd4 4. Nxd4 Nf6 5. Nxc6 bxc6 6. e5 Qe7 7. Qe2 Nd5 8.
c4 Ba6 9. Nd2 g6 10. Nf3 Bg7 11. Bg5 Qb4+ 12. Qd2 Qxd2+ 13. Bxd2 Nb6 14. b3 O-O
15. O-O-O d5 16. exd6 cxd6 17. Bf4 d5 18. cxd5 Bxf1 19. Rhxf1 Nxd5 20. Be5 a5
21. Bxg7 Kxg7 22. Rd4 a4 23. Rxa4 Rxa4 24. bxa4 Ra8 25. Kb2 Rxa4 26. Rc1 Nf4 27.
Kb3 Ra6 28. Rc4 Nd3 29. Rc2 Rb6+ 30. Kc4 Nb2+ 31. Kd4 Na4 32. Ne5 c5+ 33. Kd5
Rb4 34. Nc4 h5 35. Ne3 f5 36. g3 f4 37. gxf4 Rxf4 38. Kc6 g5 39. Nc4 Rf3 40. Kb5
Nc3+ 41. Kxc5 Ne4+ 42. Kd4 Nxf2 43. a4 Rf4+ 44. Kc3 Rf3+ 45. Kd4 1/2-1/2

[Event "21st European Teams"]
[Site "Hersonissos GRE"]
[Date "2017.11.01"]
[Round "5.15"]
[Board "1"]
[White "Bologan, Victor"]
[Black "Ragger, Markus"]
[Result "0-1"]
[WhiteTitle "GM"]
[BlackTitle "GM"]
[WhiteElo "2615"]
[BlackElo "2659"]
[WhiteTeam "Moldova"]
[BlackTeam "Austria"]
[WhiteFideId "13900048"]
[BlackFideId "1610856"]
[EventDate "2017.10.28"]

1. d4 Nf6 2. c4 g6 3. Nf3 Bg7 4. g3 c6 5. Bg2 d5 6. Qb3 O-O 7. O-O Qb6 8. Nc3
Rd8 9. c5 Qxb3 10. axb3 Na6 11. Bf4 Nd7 12. Ra3 f6 13. e4 dxe4 14. Nxe4 Nf8 15.
Nc3 Ne6 16. Be3 Nb4 17. Ra4 Nc2 18. Rc1 Nxe3 19. fxe3 Nc7 20. Bf1 Kf8 21. Bc4
Bg4 22. Kg2 b5 23. cxb6 axb6 24. Rxa8 Rxa8 25. b4 Ke8 26. b5 cxb5 27. Nxb5 Nxb5
28. Bxb5+ Kd8 29. Bc4 Bd7 30. Bg8 h6 31. Bf7 g5 32. e4 f5 33. exf5 Bxf5 34. Rc6
g4 35. Nd2 Bxd4 0-1

[Event "21st European Teams"]
[Site "Hersonissos GRE"]
[Date "2017.11.01"]
[Round "5.15"]
[Board "3"]
[White "Hamitevici, Vladimir"]
[Black "Schreiner, Peter"]
[Result "1-0"]
[WhiteTitle "IM"]
[BlackTitle "IM"]
[WhiteElo "2519"]
[BlackElo "2480"]
[WhiteTeam "Moldova"]
[BlackTeam "Austria"]
[WhiteFideId "13902393"]
[BlackFideId "1621645"]
[EventDate "2017.10.28"]

1. Nf3 Nf6 2. g3 g6 3. b3 b6 4. Bb2 Bg7 5. c4 c5 6. Bg2 Bb7 7. O-O O-O 8. Nc3
Na6 9. e3 e6 10. d4 cxd4 11. exd4 d5 12. Ne5 Re8 13. Rc1 Rb8 14. Nb5 dxc4 15.
bxc4 Bxg2 16. Kxg2 Ra8 17. Qf3 Nc7 18. Nc6 Qd7 19. Nbxa7 h5 20. Rfd1 Ng4 21. Qb3
Na6 22. h3 Nh6 23. Qxb6 Nb8 24. d5 Nxc6 25. Bxg7 Kxg7 26. Nxc6 Rxa2 27. Ne5 Qa4
28. d6 Nf5 29. d7 Qa8+ 30. Qc6 Ne3+ 31. Kg1 1-0

[Event "21st European Teams"]
[Site "Hersonissos GRE"]
[Date "2017.11.01"]
[Round "5.15"]
[Board "4"]
[White "Dragnev, Valentin"]
[Black "Macovei, Andrei"]
[Result "1/2-1/2"]
[WhiteTitle "IM"]
[BlackTitle "FM"]
[WhiteElo "2466"]
[BlackElo "2328"]
[WhiteTeam "Austria"]
[BlackTeam "Moldova"]
[WhiteFideId "1634852"]
[BlackFideId "13904680"]
[EventDate "2017.10.28"]

1. e4 c6 2. d4 d5 3. exd5 cxd5 4. Bd3 Nc6 5. c3 Nf6 6. Bf4 Bg4 7. Qb3 Qc8 8. Nd2
e6 9. Ngf3 Be7 10. O-O Bh5 11. Rfe1 O-O 12. Qc2 Bg6 13. Bxg6 hxg6 14. Qd3 b6 15.
h4 Qb7 16. a4 a6 17. Bg5 Bd6 18. Ne5 Qc7 19. Nxc6 Qxc6 20. Qf3 Qc7 21. g3 Nh7
22. Nf1 b5 23. Rec1 Rfb8 24. a5 b4 25. c4 dxc4 26. Nd2 c3 27. bxc3 bxc3 28. Rxc3
Qd7 29. Nc4 Bc7 30. Nb6 Bxb6 31. axb6 Nxg5 32. hxg5 Qd5 33. Qf4 Rxb6 34. Rac1
Rbb8 35. Rc5 Qa2 36. Kg2 e5 37. dxe5 Qb3 38. R1c4 Qb7+ 39. Kh2 Rc8 40. e6 Rxc5
41. Rxc5 Qe7 1/2-1/2

[Event "21st European Teams"]
[Site "Hersonissos GRE"]
[Date "2017.11.01"]
[Round "5.16"]
[Board "1"]
[White "Thybo, Jesper Sondergaard"]
[Black "Tate, Alan"]
[Result "1/2-1/2"]
[WhiteTitle "IM"]
[BlackTitle "FM"]
[WhiteElo "2479"]
[BlackElo "2366"]
[WhiteTeam "Denmark"]
[BlackTeam "Scotland"]
[WhiteFideId "1438832"]
[BlackFideId "2401878"]
[EventDate "2017.10.28"]

1. d4 d5 2. c4 c6 3. cxd5 cxd5 4. Bg5 Nc6 5. Nc3 Nf6 6. Bxf6 gxf6 7. e3 e6 8.
Nf3 a6 9. Bd3 f5 10. h3 Rg8 11. g4 fxg4 12. hxg4 h6 13. Qe2 Qb6 14. e4 Nxd4 15.
Nxd4 Qxd4 16. O-O-O Qe5 17. exd5 Qxe2 18. Bxe2 Bd7 19. dxe6 fxe6 20. Ne4 Bc6 21.
Nf6+ Kf7 22. Nxg8 Bxh1 23. Rxh1 Kxg8 24. Kc2 Rc8+ 25. Kb3 Rc6 26. Rd1 Rb6+ 27.
Kc2 Rc6+ 28. Kd3 Rd6+ 29. Ke4 Rxd1 30. Bxd1 Bg7 31. f4 Kf7 32. b3 Bf6 33. a4 a5
34. Kd3 b6 35. Kc4 Be7 36. Kb5 Bc5 37. b4 Bxb4 38. Kxb6 1/2-1/2

[Event "21st European Teams"]
[Site "Hersonissos GRE"]
[Date "2017.11.01"]
[Round "5.16"]
[Board "2"]
[White "Berry, Neil"]
[Black "Ochsner, Bjorn Moller"]
[Result "0-1"]
[WhiteTitle "FM"]
[BlackTitle "IM"]
[WhiteElo "2283"]
[BlackElo "2458"]
[WhiteTeam "Scotland"]
[BlackTeam "Denmark"]
[WhiteFideId "2400650"]
[BlackFideId "1416928"]
[EventDate "2017.10.28"]

1. d4 Nf6 2. c4 g6 3. Nc3 Bg7 4. e4 d6 5. f3 O-O 6. Nge2 c5 7. d5 e6 8. Ng3 exd5
9. cxd5 Nbd7 10. Be2 a6 11. a4 Ne8 12. Be3 Rb8 13. O-O Nc7 14. f4 Re8 15. e5 f5
16. e6 Nf6 17. a5 b5 18. axb6 Rxb6 19. Qd2 Rb4 20. Bf3 Bb7 21. Rfd1 Qb8 22. Nge2
Ncxd5 23. Bxd5 Nxd5 24. Nxd5 Rxb2 25. Qe1 Bxd5 26. Rxd5 Rxe2 27. Qxe2 Bxa1 28.
Qxa6 Rxe6 29. Rxc5 Kf7 30. Rc8 Qb3 31. Rc7+ Re7 32. Rxe7+ Kxe7 33. Qa7+ Ke6 34.
Kf2 Qc2+ 35. Kf3 Qe4+ 36. Kf2 Qc2+ 37. Kf3 Qd1+ 38. Kf2 Bc3 39. Qa2+ Kf6 40. Qe2
Qd5 41. h3 Bd4 42. Bxd4+ Qxd4+ 43. Kg3 Qe4 44. Qb2+ Kf7 45. Qd2 d5 46. Qc3 d4
47. Qc7+ Kg8 48. Kh4 Kf8 49. Qc8+ Qe8 50. Qc4 Qe1+ 51. Kg5 Qe7+ 52. Kh6 Qh4# 0-1

[Event "21st European Teams"]
[Site "Hersonissos GRE"]
[Date "2017.11.01"]
[Round "5.16"]
[Board "3"]
[White "Percivaldi, Martin"]
[Black "Morrison, Graham SCO"]
[Result "1/2-1/2"]
[WhiteTitle "IM"]
[BlackTitle "FM"]
[WhiteElo "2388"]
[BlackElo "2278"]
[WhiteTeam "Denmark"]
[BlackTeam "Scotland"]
[WhiteFideId "1508148"]
[BlackFideId "2400090"]
[EventDate "2017.10.28"]

1. d4 Nf6 2. c4 e6 3. g3 Bb4+ 4. Bd2 Bxd2+ 5. Qxd2 d5 6. Nf3 O-O 7. Bg2 Nbd7 8.
O-O c6 9. Qc2 b6 10. Nbd2 Bb7 11. e4 dxe4 12. Nxe4 c5 13. Nxf6+ Nxf6 14. Rfd1
Qc7 15. Qe2 Rac8 16. dxc5 Bxf3 17. Qxf3 Qxc5 18. b3 Rcd8 19. h3 Qa3 20. Qe2 Qe7
21. Qc2 h6 22. Qc3 Rd6 23. b4 Rc8 24. a3 Rd7 25. Rxd7 Nxd7 26. Rc1 h5 27. h4 Qf6
28. Qe3 Ne5 29. Qe2 Ng4 30. c5 bxc5 31. bxc5 g5 32. Bb7 Rc7 33. Bf3 Ne5 34. Bxh5
gxh4 35. gxh4 Qf4 36. Rc3 Qd4 37. Qe3 Qxe3 38. fxe3 Nd7 39. c6 Ne5 40. Rc5 f6
41. Be8 Kf8 42. Bd7 1/2-1/2

[Event "21st European Teams"]
[Site "Hersonissos GRE"]
[Date "2017.11.01"]
[Round "5.16"]
[Board "4"]
[White "Grant, Jonathan I M"]
[Black "Hansen, Mads"]
[Result "0-1"]
[BlackTitle "IM"]
[WhiteElo "2179"]
[BlackElo "2393"]
[WhiteTeam "Scotland"]
[BlackTeam "Denmark"]
[WhiteFideId "2400294"]
[BlackFideId "1401610"]
[EventDate "2017.10.28"]

1. c4 e5 2. Nc3 Nc6 3. g3 Bc5 4. Nf3 a6 5. Bg2 d6 6. e3 Ba7 7. b3 Nge7 8. Bb2
O-O 9. d3 f5 10. Qd2 Rb8 11. O-O b5 12. Nd5 Kh8 13. Rac1 bxc4 14. Nxe7 Nxe7 15.
Rxc4 Bd7 16. Rfc1 c5 17. Nxe5 dxe5 18. Bxe5 Rc8 19. Qb2 Rg8 20. Bb7 Bb5 21. R4c2
Ng6 22. Bxc8 Qxc8 23. f4 Bxd3 24. Rd2 Nxe5 25. Qxe5 Re8 26. Qd6 Bb5 27. a4 Bc6
28. Rc4 Bb6 29. Kf2 Rd8 0-1

[Event "21st European Teams"]
[Site "Hersonissos GRE"]
[Date "2017.11.01"]
[Round "5.17"]
[Board "1"]
[White "Mehmeti, Dritan"]
[Black "Pelletier, Yannick"]
[Result "0-1"]
[WhiteTitle "IM"]
[BlackTitle "GM"]
[WhiteElo "2428"]
[BlackElo "2540"]
[WhiteTeam "Albania"]
[BlackTeam "Switzerland"]
[WhiteFideId "4700600"]
[BlackFideId "1301837"]
[EventDate "2017.10.28"]

1. d4 d5 2. Nf3 Nf6 3. Bf4 c5 4. c3 Nc6 5. e3 Qb6 6. Qb3 c4 7. Qxb6 axb6 8. Nbd2
b5 9. Be2 e6 10. O-O b4 11. Bg5 b5 12. Bxf6 gxf6 13. cxb4 Bxb4 14. a3 Bxd2 15.
Nxd2 Ke7 16. Rfc1 Bd7 17. b3 Rhc8 18. Bd1 e5 19. dxe5 fxe5 20. bxc4 bxc4 21. e4
Nd4 22. exd5 c3 23. d6+ Ke6 24. Nf3 Kxd6 25. Ne1 Bf5 26. g4 Bg6 27. Ra2 Rab8 28.
f4 exf4 29. Rf2 Ke5 30. Nf3+ Nxf3+ 31. Bxf3 c2 0-1

[Event "21st European Teams"]
[Site "Hersonissos GRE"]
[Date "2017.11.01"]
[Round "5.17"]
[Board "2"]
[White "Bogner, Sebastian"]
[Black "Pasko, Llambi"]
[Result "1-0"]
[WhiteTitle "GM"]
[WhiteElo "2599"]
[BlackElo "2292"]
[WhiteTeam "Switzerland"]
[BlackTeam "Albania"]
[WhiteFideId "4692055"]
[BlackFideId "4701178"]
[EventDate "2017.10.28"]

1. d4 Nf6 2. c4 g6 3. Nc3 Bg7 4. e4 d6 5. Nf3 O-O 6. Be2 e5 7. O-O Nc6 8. d5 Ne7
9. b4 Nh5 10. Re1 Nf4 11. Bf1 f5 12. Nd2 a5 13. bxa5 c5 14. a4 g5 15. Ra3 Nfg6
16. exf5 Nxf5 17. Nde4 h6 18. Nb5 Ra6 19. Bd2 Nd4 20. f3 Nh4 21. Nxd4 exd4 22.
Rb3 Be5 23. g3 Ng6 24. Bd3 Bg7 25. Nxg5 Ne5 26. Rxe5 dxe5 27. Ne4 Qe7 28. Rb5
Bf5 29. Qe2 Rc8 30. Nxc5 Bxd3 31. Qxd3 Rxc5 32. Bb4 e4 33. fxe4 Qg5 34. Bxc5
Qc1+ 35. Kg2 Qc3 36. Rb3 Qxa5 37. Bxd4 Bxd4 38. Qxd4 Qe1 39. Rxb7 Qe2+ 40. Qf2
Qxe4+ 41. Qf3 Qc2+ 42. Kh3 Qg6 43. Qg4 1-0